• 首页
  • 本馆介绍
  • 公告通知
  • 最新文献
  • 馆藏检索
  • 电子资源
  • 读者导购
  • 参考咨询
  • 我的图书馆
  • 登录
  • 详细信息显示
  • 放入我的书架
  • 预约/预借图书
  • 作者相关作品
  • 分类相关作品
  • 丛书相关作品
  • 出版社相关作品

书目信息

  • 表格格式
  • 工作单格式
  • 卡片格式
题名:
逼近论导引
    
 
作者: 切尼 著 ;徐献瑜 译
分册:  
出版信息: 上海   上海科学技术出版社  1981
页数: 326页
开本: 19cm
丛书名:
单 册:
中图分类: O174.41
科图分类:
主题词: 函数逼近论
电子资源:
ISBN:
000 00713nam0 2200241 45
001 0181005256
005 20051114101631.35
010    @dCNY0.98
091    @a13119.881
100    @a19950518d1981 em y0chiy0121 ea
101 1  @achi@ceng
102    @aCN@b310000
105    @ay z 000yy
200 10 @a逼近论导引@Abi jin lun dao yin@f(美)E·W·切尼著@F(mei)E·W·qie ni zhu@g徐献瑜等译@Gxu xian yu deng yi
210    @a上海@c上海科学技术出版社@d1981
215    @a326页@d19cm
606    @a函数逼近论
690    @aO174.41@v3
701  0 @a切尼@Aqie ni@4著
702  0 @a徐献瑜@Axu xian yu@4译
801  2 @aCN@bNLC@c20051114
801  0 @aCN@b上海图书馆@c20040520
905    @f3@b203918-920@f1@b48064@dO174.41@e35
    
    逼近论导引/(美)E·W·切尼著/徐献瑜等译.-上海:上海科学技术出版社,1981
    326页;19cm
    
    
    ISBN :CNY0.98
    
●
相关链接 在E读中查询图书 在五车中查询图书 在当当中查询图书 在豆瓣中查询图书


正题名:逼近论导引     索取号:O174.41/35         预约/预借

序号 登录号 条形码 馆藏地/架位号 状态 备注
1 0048062   202143331   密集书库/ [索取号:O174.41/35] 在馆    
2 0048063   202160963   密集书库/ [索取号:O174.41/35] 在馆    
3 0048064   000421591   第三借阅区/ [索取号:O174.41/35] 在馆    
4 0048065   202143313   密集书库/ [索取号:O174.41/35] 在馆    
5 0048066   000421582   第二样本阅览室/ [索取号:O174.41/35] 在馆    
6 0203918   000421626   第三借阅区/ [索取号:O174.41/35] 在馆    
7 0203919   000421608   第三借阅区/ [索取号:O174.41/35] 在馆    
8 0203920   000421617   第三借阅区/ [索取号:O174.41/35] 在馆    
欢迎您!
大连网信软件有限公司© 版权所有